| 000 | 00510nam a2200181 i 4500 | ||
|---|---|---|---|
| 001 | 63463 | ||
| 003 | ES-MaACL | ||
| 005 | 20250903014224.0 | ||
| 007 | t| | ||
| 008 | 031210s1941 sp ||||1| spa d | ||
| 100 | 1 |
_aFerrer Jaume, Luis. _950479 |
|
| 245 | 1 | 0 |
_aCálculo financiero / _cpor Luis Ferrer Jaume. |
| 260 |
_aBarcelona : _bLabor, _c1941 ( _fGalve) |
||
| 300 |
_aXV, 511 p. ; _c25 cm. |
||
| 650 | 7 |
_aMatemáticas financieras _2embne _9151789 |
|
| 852 |
_aES-MaACL _jF-15283 |
||
| 999 |
_c63463 _d63463 |
||